000 01595cam a2200289 a 4500
001 13828666
003 OSt
005 20151015082835.0
008 041230s2005 nyua 000 0 eng
010 _a 2004030305
020 _a0131408895
040 _aDLC
_cDLC
_dDLC
050 0 0 _aPE1439
_b.F57 2005
082 0 0 _a808/.042076
_222
100 1 _aFitzpatrick, Mary,
_d1953-
245 1 0 _aEngaging writing :
_bparagraphs and essays /
_cMary Fitzpatrick.
260 _aWhite Plains, NY :
_bLongman,
_cc2005.
300 _axxiii, 343 p. :
_bill. ;
_c26 cm.
505 0 _aPossessions : writing a descriptive paragraph -- Changes : writing a narrative paragraph -- Memory and learning : writing an expository paragraph -- Culture, identity, and homeland : writing a division paragraph, writing a simple division essay -- Full pockets, empty pockets : writing a cause-and-effect essay -- Marriage and family : writing a comparison/contrast essay -- Teamwork : writing a classification essay -- The science of everyday life : writing a definition paragraph and essay -- From school to work : writing an argumentative essay.
650 0 _aEnglish language
_xParagraphs
_vProblems, exercises, etc.
650 0 _aEnglish language
_xRhetoric
_vProblems, exercises, etc.
650 0 _aReport writing
_vProblems, exercises, etc.
856 4 1 _3Table of contents
_uhttp://www.loc.gov/catdir/toc/ecip055/2004030305.html
906 _a7
_bcbc
_corignew
_d1
_eecip
_f20
_gy-gencatlg
942 _2lcc
_cBK
999 _c250678
_d250678